Исследование влияния условий синтеза на структуру и свойства углеродных точек, полученных гидротермальным и сольвотермальным методами: диссертация на соискание ученой степени кандидата химических наук; спец. 2.6.6

Dades bibliogràfiques
Autor principal: Егорова М. Н. Марфа Никитична
Autor corporatiu: Северо-Восточный федеральный университет им. М. К. Аммосова (070)
Altres autors: Смагулова С. А. Светлана Афанасьевна (научный консультант)
Sumari:Заглавие с титульного экрана
Электронная версия печатной публикации
Защита сост. 24.10.2024
На правах рукописи
Текстовый файл
Idioma:rus
Publicat: Якутск, 2024
Matèries:
Accés en línia:https://earchive.tpu.ru/handle/11683/80488
Format: MixedMaterials Electrònic Llibre
KOHA link:https://koha.lib.tpu.ru/cgi-bin/koha/opac-detail.pl?biblionumber=674220

MARC

LEADER 00000nam0a2200000 4500
001 674220
005 20240904094354.0
090 |a 674220 
100 |a 20240822d2024 k||y0rusy50 ca 
101 0 |a rus 
102 |a RU 
105 |a a m 001yy 
135 |a drcn ---uucaa 
181 0 |a i   |b  e  
182 0 |a b 
183 0 |a cr  |2 RDAcarrier 
200 1 |a Исследование влияния условий синтеза на структуру и свойства углеродных точек, полученных гидротермальным и сольвотермальным методами  |e диссертация на соискание ученой степени кандидата химических наук  |e спец. 2.6.6  |f Егорова Марфа Никитична  |g науч. рук. С. А. Смагулова ; Северо-Восточный федеральный университет им. М. К. Аммосова 
203 |a Текст  |c электронный  |b визуальный 
210 1 |a Якутск  |d 2024 
215 |a 1 файл (8 584 КБ, 129 с.)  |c pdf 
283 |2 RDAcarrier  |a online_resource 
300 |a Заглавие с титульного экрана 
300 |a Электронная версия печатной публикации 
300 |a Защита сост. 24.10.2024 
320 |a Список литературы: с. 109-126 (183 назв.) 
333 |a На правах рукописи 
336 |a Текстовый файл 
606 |a Наноматериалы  |9 82201 
610 1 |a электронный ресурс 
610 1 |a диссертации 
610 1 |a люминесцентные свойства 
610 1 |a люминесценция 
610 1 |a углеродные наноматериалы 
610 1 |a углеродные точки 
610 1 |a синтез 
610 1 |a квантовый выход 
610 1 |a длина волны 
610 1 |a прекурсоры 
610 1 |a растворители 
610 1 |a легирование 
610 1 |a функционализация 
610 1 |a гидротермальные методы 
610 1 |a сольвотермальные методы 
675 |a 620.22(04)  |v 4 
686 |2 oksvnk  |a 05.16.08 
700 1 |a Егорова  |b М. Н.  |g Марфа Никитична 
702 1 |a Смагулова  |b С. А.  |g Светлана Афанасьевна  |4 695 
712 0 2 |a Северо-Восточный федеральный университет им. М. К. Аммосова  |c (Якутск)  |c (2010- )  |9 27658  |4 070 
801 0 |a RU  |b 63413507  |c 20240822  |g RCR 
850 |a 63413507 
856 4 |u https://earchive.tpu.ru/handle/11683/80488  |z https://earchive.tpu.ru/handle/11683/80488 
942 |c CF